01139nam a2200241Ia 450000100060000000300090000600800410001504000130005604000130006904100130008210000230009510000290011824500480014724500700019525000110026526000100027626000110028626000490029730000570034650004390040365000240084265000310086625357IT-RoPAU130308s9999 xx 000 0 und d aIT-RoPAU cIT-RoPAU aFRANCESE aGallagher Margaret gCodice Aut. SPICS: 9684 aFemmes et les industries culturelle s (Les) bIndustries Culturelles (Les)-Un Enjeu pour l'avenir de la Culture a1a ed. aPARIS bUnesco c1982 [1° Ed.:1982 - Ed.Ling.Originale:1982] a"18 p. (prefazione: no ; testo: 18 [pagine: 67-84])" aDonne e industrie Culturali Cultura industrie Culturali e Produzione di Senso Particolarità dei Rapporti della donna con le industrie Culturali Processo di Socializzazione e immagini della donna Nei Mass Media ruoli Funzionali Situazione delle Donne Impiegate Nei Media Donne e Loro Rapporto con la Produzione dei Media impatto delle immagini della donna Presentate Dai Media Donne nel Quadro dei Media e nella Loro Realtà Sociale aSAGGI DI SOCIOLOGIA eCodice materia Spics: 3657